Cuentos sobre rieles /
Guardado en:
| Autor Principal: | |
|---|---|
| Otros Autores: | , , |
| Formato: | Libro |
| Publicado: |
Buenos Aires :
Cántaro,
2000
|
| Series: | Del Mirador ; 143
|
| Materias: | |
| Etiquetas: |
Agregar Etiqueta
Sin Etiquetas, Sea el primero en etiquetar este registro!
|
| LEADER | 01557nam a22002895a 4500 | ||
|---|---|---|---|
| 001 | CEM.cems014466 | ||
| 008 | 130507s2000##################000#0#####d | ||
| 005 | 20220929200854.0 | ||
| 245 | 1 | 0 | |a Cuentos sobre rieles / |c Ray Bradbury ... y Otros |
| 260 | |a Buenos Aires : |b Cántaro, |c 2000 | ||
| 300 | |a 125 p. | ||
| 490 | 0 | |a Del Mirador ; 143 | |
| 505 | 0 | |a Literatura para una nueva escuela -- Puertas de acceso: Letra y rieles. Un poco de historia. Primera parada: la estación fantasma. Segunda parada: un crimen sin resolver. Tercera parada: la estación del misterio. Cuarta parada: Una estación evanescente. El viaje está por comenzar ... -- La obra: cuentos sobre rieles -- En el expreso de Oriente, hacia el norte / Ray Bradbury -- El expreso de Plymouth / Agatha Christie -- El tren desaparecido / Arthur Conan Doyle -- El viajero abonado / Philip K. Dick -- Manos a la obra: El universo fantasmal. El universo policial. El universo literario -- Cuarto de herramientas: Sir Arthur Conan Doyle. Ray Bradbury. Agatha Christie. Philip K. Dick -- Biografía | |
| 020 | |a 9507530614 | ||
| 100 | 1 | |a Bradbury, Ray | |
| 700 | 1 | |a Christie, Agatha | |
| 700 | 1 | |a Doyle, Arthur Conan | |
| 700 | 1 | |a Dick, Philip K. | |
| 082 | 0 | 4 | |a 808.8 |
| 653 | |a Literatura universal | ||
| 653 | |a Cuentos | ||
| 653 | |a Cuento policial | ||
| 653 | |a Cuento suspenso | ||
| 653 | |a Cuento fantástico | ||
| 653 | |a Literatura ferroviaria | ||
| 859 | |a CEMS |b BIB. CEMS - 11 de abril |h 808.8 |i B726 |p A3419.21 |t Ej.1 | ||
| 859 | |a CEMS |b BIB. CEMS - 11 de abril |h 808.8 |i B726 |p 26991.14 |t Ej.1 | ||
